Normal view
MARC view
- فقهية قضائية مقارنة -- العلوم الاجتماعية
Entry Topical Term
001 - CONTROL NUMBER
- control field: 46641
003 - CONTROL NUMBER IDENTIFIER
- control field: JO-AjAnu
005 - DATE AND TIME OF LATEST TRANSACTION
- control field: 20230606081715.0
008 - FIXED-LENGTH DATA ELEMENTS
- fixed length control field: 230606|| aca||aabn | a|a d
040 ## - CATALOGING SOURCE
- Original cataloging agency: JO-AjAnu
- Transcribing agency: JO-AjAnu
150 ## - HEADING--TOPICAL TERM
- Topical term or geographic name entry element: فقهية قضائية مقارنة -- العلوم الاجتماعية
670 ## - SOURCE DATA FOUND
- Source citation: Work cat.: (JO-AjAnu)23874: كريم، زهير عباس , author 46640, النظام القانوني للشيك : دراسة فقهية قضائية مقارنة